| 000 | 01113nam a22002177a 4500 | ||
|---|---|---|---|
| 008 | 110516s2010 su|||||r|||| 000 0 ara d | ||
| 020 | _a9786000209384 | ||
| 082 |
_222 _a158.2 _bج ر ا |
||
| 100 |
_923861 _aجراي، جون |
||
| 245 |
_aالمريخ والزهرة معًا إلى الأبد / _cجون جراي |
||
| 260 |
_aالرياض : _bمكتبة جرير، 2010 _c2010 |
||
| 300 |
_a304 ص ؛ _c20 سم |
||
| 500 | _aالعنوان على الغلاف: المريخ والزهرة معًا إلى الأبد :مهارات للعلاقات العاطفية من أجل حب دائم | ||
| 500 | _aترجمة لكتاب: Mars and Venus Together Forever : Relationship skills for Lasting Love | ||
| 650 |
_923866 _aالعلاقات الإنسانية |
||
| 650 |
_923867 _aالعلاقات الاجتماعية |
||
| 650 |
_923868 _aالزواج |
||
| 653 |
_bGeneral _cMay2011 |
||
| 942 |
_2ddc _cBB |
||
| 999 |
_c15305 _d15305 |
||